|
|
|
|
| LEADER |
00954nam a2200253 a 4500 |
| 001 |
000064392 |
| 003 |
CZ BrMZK |
| 005 |
20230831062222.0 |
| 008 |
950313s1996 xr e c cze d |
| 020 |
|
|
|a 80-7037-047-5
|
| 040 |
|
|
|a BOA001
|b cze
|
| 072 |
|
7 |
|a 7.01/.09
|x Umění
|2 Konspekt
|9 21
|
| 080 |
|
|
|a 7.035.37
|2 MRF
|
| 080 |
|
|
|a (083.824)
|2 MRF
|
| 245 |
0 |
0 |
|a Technika a design období biedermeieru :
|b [katalog výstavy] : Národní technické muzeum : duben - květen 1996
|
| 260 |
|
|
|a Praha :
|b Národní technické muzeum,
|c 1996
|
| 300 |
|
|
|a 37 s., [4] s. barev. příl. :
|b il. ;
|c 15 x 21 cm
|
| 500 |
|
|
|a Souhrn něm.
|
| 650 |
0 |
7 |
|a biedermeier (umění)
|7 ph202889
|2 czenas
|
| 655 |
|
7 |
|a katalogy výstav
|7 fd132536
|2 czenas
|
| 710 |
2 |
|
|a Národní technické muzeum (Praha, Česko)
|7 kn20010709076
|
| 910 |
|
|
|a BOA001
|b X-1018.793
|
| 990 |
|
|
|a BK
|
| 996 |
7 |
|
|b 2610034438
|c X-1018.793
|l MZK
|r Sklad / do 24 hodin
|n 22
|p p.v.
|w 000064392
|u 000010
|a 1
|e BOA001
|j MZK50
|s A
|